000 00316nam a22001337a 4500
008 170403b xxu||||| |||| 00| 0 eng d
020 _a9789280811087
041 _aeng
080 _a574
100 _a9
101 _aSHM
245 _aSUSTAINABLE MANAGEMENT OF HEADWATER RESOURCES
_cJANSKY, L
942 _2udc
_cBK
999 _c9466
_d9466